Регионална библиотека "Любен Каравелов" - Русе

Хорови балади (Запис номер 317529)

MARC детайли
000 -Лидер
Контролно поле с фиксирана дължина 03107ncm a2200637 a 4500
003 - Код на организацията, давaща контролен номер
Контролно поле BLK
005 - Дата и час на последна редакция
Контролно поле 20250124111534.0
008 - Елементи от данни с фиксирана дължина
fixed length control field 180414b bul |a|er|||| |0| c|bulo|
010 ## - Наследен системен номер
LC control number NOT00003332000
020 ## - Международен стандартен номер на книга ISBN
Международен стандартен номер на книга ISBN 979-0-9016658-1-1
040 ## - Източник на каталожния запис
Идентификатор на билиотеката - собственик на записа BLK
041 ## - Код за език
Код за езика на текст/звукозапис или на отделно заглавие Български
Код за езика КДБФ Български
080 ## - УДК
Текстов определител УДК Хорова музика
УДК код - определител по УДК 784.087.68
УДК - код + определител 784.087.68
080 ## - УДК
Текстов определител УДК Смесен хор
УДК код - определител по УДК 78.087.684
УДК - код + определител 78.087.684
080 ## - УДК
Текстов определител УДК Български композитор
УДК код - определител по УДК 929 Стайнов, Петко Груев
УДК - код + определител 929 Стайнов, Петко Груев
100 ## - Редна дума - Автор
Автор Стайнов, Петко Груев
Дати, свързани с автора (1896-1977)
Автор - информация (биография) Бълг. композитор
R(LIN) 376683
139 ## - Редно поле
Редна дума Стайнов, Петко Груев
Авторски знак Стаи - С 62
245 10 - Сведения за заглавието
Заглавие Хорови балади
Редно поле (дума) Петко Стайнов ; състав. Теодора Павлович
246 11 - Различни форми на заглавието
Паралелно заглавие Choral Ballads by Petko Staynov
254 ## - Сведения за формата на нотното издание
Формат на описваните ноти Хорова партитура
257 ## - Страна на издаване
Страна на създаване/издаване България
260 ## - Област на издателските данни
Име на издателя, разпространителя и проч. Фонд. Петко Груев Стайнов
Година на издаване 2011
Място на издаване, разпространение и проч. София
300 ## - Физическа характеристика
Страници 176 с.
Илюстрации и др. с ил., портр.
Размери/Мащаб 28 см
380 ## - Жанр
Жанр Изкуство
505 ## - Форматирана забележка
Подзаглавни данни За смесен хор
Заглавие Тайната на Струма
505 ## - Форматирана забележка
Подзаглавни данни За мъжки хор
Авторската отговорност текст Теодор Василев Траянов.
Заглавие Тайната на Струма
505 ## - Форматирана забележка
Подзаглавни данни За смесен хор
Авторската отговорност текст Пенчо Петков Славейков.
Заглавие Катунари
505 ## - Форматирана забележка
Подзаглавни данни Буйна Вита : За смесен хор
Авторската отговорност текст Трифон Кунев.
Заглавие Момини жалби
505 ## - Форматирана забележка
Подзаглавни данни За смесен хор
Авторската отговорност текст Димитър Пантелеев.
Заглавие Кум Герман
505 ## - Форматирана забележка
Подзаглавни данни За смесен хор
Авторската отговорност текст Иван Радоев.
Заглавие Другарят Антон
505 ## - Форматирана забележка
Подзаглавни данни За мъжки хор
Авторската отговорност текст Никола Фурнаджиев.
Заглавие Конници
505 ## - Форматирана забележка
Подзаглавни данни За смесен хор
Авторската отговорност текст Николай Ракитин.
Заглавие Урвич
505 ## - Форматирана забележка
Подзаглавни данни За мъжки хор
Авторската отговорност текст Пенчо Петков Славейков.
Заглавие Стодвадесет души
505 ## - Форматирана забележка
Подзаглавни данни За мъжки хор
Авторската отговорност текст Димитър Бозаков.
Заглавие Три дена се били
505 ## - Форматирана забележка
Подзаглавни данни За мъжки хор
Авторската отговорност текст Димитър Бозаков.
Заглавие Матроска балада
650 #4 - Допълнително описание по предмет – тема
Основно описание – тема или топоним Хор - мъжки
9 (RLIN) 315615
650 #4 - Допълнително описание по предмет – тема
Основно описание – тема или топоним Хор - смесен
9 (RLIN) 315616
650 #4 - Допълнително описание по предмет – тема
Основно описание – тема или топоним Хорови балади
9 (RLIN) 362978
653 ## - Ключова дума – ненормативна
Ключова дума мъжки хорове
653 ## - Ключова дума – ненормативна
Ключова дума смесени хорове
653 ## - Ключова дума – ненормативна
Ключова дума балади
653 ## - Ключова дума – ненормативна
Ключова дума хорови балади
653 ## - Ключова дума – ненормативна
Ключова дума акапела
700 1# - Други автори (авторска отговорност)
Лично име Павлович, Теодора
Автороска отговорност (Описва отношението между автора и произведението) състав.
9 (RLIN) 387590
700 1# - Други автори (авторска отговорност)
Лично име Staynov, Petko
Автороска отговорност (Описва отношението между автора и произведението) *
9 (RLIN) 25141
852 ## - Местоположение
Форматна сигнатура Цб М ІІ 11845
Част 11
856 4# - Електронен адрес и достъп
Електронен формат pdf - файл
Път до файла /url/
856 4# - Електронен адрес и достъп
Електронен формат pdf - файл
Път до файла /url/
999 ## - СИСТЕМНИ КОНТРОЛНИ НОМЕРА
Koha biblionumber 317529
Koha biblioitemnumber 317529
942 ## - АРТИКУЛИ
Вид на библиотечния материал Нотни издания
Скрит в OPAC Не
Периодичен библиозапис Да
944 ## - СЪЗДАВАНЕ И РЕДАКЦИЯ на ЗАПИСА
Създаване/Редакция Създаване
Дата на регистрацията/редакция 30.03.2012
Служител, извършил регистрацията/редакцията 30550
Статус, дата на статуса Кети Илиева
944 ## - СЪЗДАВАНЕ И РЕДАКЦИЯ на ЗАПИСА
Създаване/Редакция Редакция
Дата на регистрацията/редакция 2020-07-09
Служител, извършил регистрацията/редакцията ГГГ
944 ## - СЪЗДАВАНЕ И РЕДАКЦИЯ на ЗАПИСА
Създаване/Редакция Редакция
Дата на регистрацията/редакция 2020-04-05
Служител, извършил регистрацията/редакцията Ренета Константинова
999 ## - СИСТЕМНИ КОНТРОЛНИ НОМЕРА
Koha biblioitemnumber 317529
999 ## - СИСТЕМНИ КОНТРОЛНИ НОМЕРА
Koha biblioitemnumber 317529
999 ## - СИСТЕМНИ КОНТРОЛНИ НОМЕРА
Koha biblioitemnumber 317529
Наличности
Код за отписване Код за изгубен артикул Код за повреда Коз за рестрикции Код за отдаване Артикулен № Име на библиотеката - собственик Име на библиотеката, в която се намира в момента Статус (Текущо местоположение) Дата на вписване в системата Местоположение - отдел Цена в лева Инвентарен номер Систематично азбучна сигнатура Баркод Номер на екземпляра Цена в евро Служебна бележка Служебен тип на артикула Източник на класификационната схема
  Не е изгубен Не е повреден без рестрикции ползва се в читалня 670497 Регионална библиотека "Любен Каравелов" Русе Регионална библиотека "Любен Каравелов" Русе Хранилище 2012-03-26 Основен фонд - ползва се само за читалня 35.00 170000004075 Цб М ІІ 11845 170000004075 1 17.90 Дост: DA Вид: А N: 5 Дата: 23.03.2012 Бележки инв: Валя_Йорда Съставил: Валя_Йорданова Нотни издания  
  Не е изгубен Не е повреден без рестрикции заемане за дома 670498 Регионална библиотека "Любен Каравелов" Русе Регионална библиотека "Любен Каравелов" Русе Отдел Изкуство - подръчен фонд 2012-03-26 Отдел Изкуство - подръчен фонд 35.00 170000004076 784.087.68/С 62 П 170000004076 2 17.90 Дост: DA Вид: А N: 5 Дата: 23.03.2012 Бележки инв: Валя_Йорда Съставил: Валя_Йорданова Нотни издания Universal Decimal Classification
Vip Innovations Ltd, Rousse, Bulgaria 2025